000 01059cam0 22002891ib4500
001 BY-MI0021-br15797
005 20221121180825.0
010 ^d11756 р.
^a5-85129-175-3
035 ^a(BY-MI0021)BY-MI0021-br15797
100 ^a20190809d2006 y0rusy50 ca
101 0 ^arus
102 ^aRU
105 ^aa z 000yy
200 1 ^aКниговедение: опыт региональных изысканий
^eучеб.-метод. пособие
^fШабалина,М. В
^gМ. В. Шаблина
210 ^aМ.
^cЛиберея-Бибинформ
^d2006
215 ^a155 с.
225 0 ^aБиблиотекарь и время. ХХI век; вып. 50
610 0 ^aКНИГОВЕДЕНИЕ
610 0 ^aКНIГАЗНАЎСТВА
686 ^a76.10
^v2
^2rubbk
690 ^a1
^2Base
^9BY-MI0021
^xRSEK
700 1 ^aШабалина
^bМ. .
^gМ В
801 0 ^aBY
^bBY-MI0021
^c20190809
^gpsbo
801 2 ^aBY
^bBY-MI0021
^c20221114
^gpsbo
899 ^aBY-MI0021
^h76.10
^iШ 12